AH International Schools' Libraries

Normal view MARC view
  • Humorous stories

Entry Topical Term

Number of records used in: 1

001 - CONTROL NUMBER

  • control field: 86001

003 - CONTROL NUMBER IDENTIFIER

  • control field: OSt

005 - DATE AND TIME OF LATEST TRANSACTION

  • control field: 20250130120230.0

008 - FIXED-LENGTH DATA ELEMENTS

  • fixed length control field: 250130|| aca||aabn | a|a d

040 ## - CATALOGING SOURCE

  • Original cataloging agency: OSt
  • Transcribing agency: OSt

150 ## - HEADING--TOPICAL TERM

  • Topical term or geographic name as entry element: Humorous stories

670 ## - SOURCE DATA FOUND

  • Source citation: Work cat.: (OSt)48291: Pilkey, Dav, author, illustrator. 56311, Captain Underpants and the big, bad battle of the Bionic Booger Boy, part 2 :, 2020.

For any Logos Library related questions please contact Miss Art at swongnarasuk@asianhope.org.

For any Asian Hope Library related questions please contact Miss Raza at graza@asianhope.org.

Powered by Koha